| 000 | 00871nam a2200217Ia 4500 | ||
|---|---|---|---|
| 008 | 0000001997 usa 0000000000eng00 | ||
| 090 | _aPUS00 H62w | ||
| 100 | 1 |
_aHoefer, Wade _d1948 |
|
| 245 | 1 | 0 |
_aWade Hoefer _b: paintings and monotypes _c/ edited by Laura Beuhler ; photography by Jean Vong |
| 300 |
_a19 p. _c/ 23 cm. |
||
| 500 | _aExposición realizada en Monique Knowlton, New York, 1997 \ Con el patronazgo del maestro venezolano Jesús Rafael Soto (q.e.p.d.) | ||
| 600 | 0 | 0 |
_aHOEFER, WADE, 1948/ _xTRABAJOS PICTORICOS |
| 650 | 1 | 4 | _aARTE CONTEMPORANEO ESTADOUNIDENSE |
| 650 | 1 | 4 | _xCATALOGOS |
| 650 | 1 | 4 | _xEXPOSICIONES |
| 650 | 1 | 4 | _aPINTORES ESTADOUNIDENSES |
| 650 | 1 | 4 | _aPINTURA DE PAISAJES ESTADOUNIDENSE |
| 650 | 1 | 4 | _aPINTURA ESTADOUNIDENSE |
| 700 | 1 | _aBeuhler, Laura, ed. \ Vong, Jean | |
| 999 |
_c4854 _d4854 |
||
| 260 |
_aNew York : Monique Knowlton _c1997 |
||